000 00672nam a2200253Ia 4500
003 OSt
005 20220918164545.0
006 a|||||r|||| 00| 0
007 ta
008 220917b |||||||| |||| 00| 0 eng d
020 _a0674990854 (hbk)
024 _a244,550
037 _cTextual
040 _aARTS
_cARTS
_beng
041 _2eng
_aeng
082 _aRxC994:g, F5;K7.1-.2
100 _aGummere Richard M.
_919439
245 0 _aSeneca
260 _aLondon
_bWilliam Heinemann Ltd. UK
_c1970
300 _a480p.
_ccm.
650 _aPHILOSOPHY
942 _hRxC994:g, F5;K7.1-.2
_cTEXL
_2CC
999 _c125294
_d125294